| 000 | 00383nam a2200145Ia 4500 | ||
|---|---|---|---|
| 003 | LK-CoDNM | ||
| 008 | 010623t1890 xxu||||| |||| 00| 1 eng d | ||
| 040 |
_aLK-CoDNM _dLK-CoDNM _eLK-CoDNM |
||
| 041 | _aeng | ||
| 080 |
_a50 _bF13 |
||
| 245 | _aThe Colombo young men's Christian Association Magazine | ||
| 260 |
_bCeylon Observer _aColombo _c1890 |
||
| 300 | _b12p., 20 cm | ||
| 942 | _cBK | ||
| 999 |
_c83184 _d83184 |
||